| 000 | 00333nam a2200109 4500 | ||
|---|---|---|---|
| 999 |
_c12239 _d12239 |
||
| 008 | 190118b ||||| |||| 00| 0 eng d | ||
| 245 | _aFilipino English language teachers look forward to working in China. | ||
| 260 |
_aPhilippines _bThe Philippine Star _cc2018 |
||
| 300 | _apage 9. | ||
| 650 | 0 |
_934622 _aEmployment. |
|
| 942 |
_2ddc _cPER |
||